MARC

LEADER 00000nam0a2200000 4500
001 283805
005 20231101235631.0
035 |a (RuTPU)RU\TPU\book\307935 
090 |a 283805 
100 |a 20150210d1984 km y0rusy50 ca 
101 0 |a rus 
102 |a UA 
105 |a a z 001zy 
200 1 |a Техническое перевооружение угольных шахт  |f С. А. Саратикянц [и др.]  |g под ред. А. Ф. Остапенко 
210 |a Киев  |c Технiка  |d 1984 
215 |a 146 с.  |c ил. 
320 |a Библиогр.: с. 146 
606 1 |a Угольные шахты  |x Внедрение передовой технологии и техники  |x Эффективность  |2 stltpush  |3 (RuTPU)RU\TPU\subj\62793  |9 79860 
610 1 |a техническое перевооружение 
610 1 |a новая техника 
610 1 |a технический прогресс 
610 1 |a шахтное оборудование 
610 1 |a механизация 
610 1 |a комбайны 
610 1 |a струговые установки 
610 1 |a механизированные комплексы 
610 1 |a горные выработки 
610 1 |a крепление 
610 1 |a подземный транспорт 
610 1 |a конвейерные установки 
610 1 |a локомотивный транспорт 
610 1 |a газовый режим 
610 1 |a тепловой режим 
610 1 |a нормализация 
610 1 |a социально-экономические последствия 
675 |a 622.333.012.2:658.58  |v 3 
700 1 |a Саратикянц  |b С. А.  |g Семен Арутюнович 
701 1 |a Батманов  |b Ю. К.  |g Юрий Константинович 
701 1 |a Братков  |b Е. Н.  |g Егор Николаевич 
701 1 |a Епифанцев  |b Ю. К. 
702 1 |a Остапенко  |b А. Ф.  |4 340 
801 1 |a RU  |b 63413507  |c 20150210 
801 2 |a RU  |b 63413507  |c 20170912  |g RCR 
942 |c BK